000 00752nam a22002417a 4500
003 OSt
005 20140310184411.0
008 121113t xxu||||| |||| 00| 0 eng d
020 _a043978509X
050 _aG 133
_b.J46 1998
100 _aJenkins,Steve
_926116
245 _aHottest, coldest, highest, deepest /
_cby Steve Jenkins.
260 _aNew York
_bScholastic Inc.,
_c1998.
300 _bcol. ill. ;
_c21 cm.
_a30 p. :
520 _aDescribes some of the remarkable places on earth, including the hottest, coldest, windiest, snowiest, highest, and deepest.
521 _aG8
526 _c920
562 _e2
650 _aGeography
_xJuvenile literature.
_926119
942 _2lcc
_cBK-SCHOLAS
999 _c34102
_d34102